Normal view MARC view

Entry Topical Term

Number of records used in: 1

001 - CONTROL NUMBER

  • control field: 5927

003 - CONTROL NUMBER IDENTIFIER

  • control field: OSt

005 - DATE AND TIME OF LATEST TRANSACTION

  • control field: 20120106154941.0

008 - FIXED-LENGTH DATA ELEMENTS

  • fixed length control field: 120106|||a|||||| | ||| d

040 ## - CATALOGING SOURCE

  • Original cataloging agency: OSt
  • Transcribing agency: OSt

150 ## - HEADING--TOPICAL TERM

  • Topical term or geographic name as entry element: Labor laws and legislation, International.

670 ## - SOURCE DATA FOUND

  • Source citation: Work cat.: (OSt)0: Jenks, C. Wilfred (Clarence Wilfred), 1909-1973. 5926, Human rights and international labour standards., [1960]